All U.S. Territories - Statistics

General Stats
  • This quiz has been taken 53 times
  • The average score is 5 of 8
Answer Stats
Distance From US Answer % Correct
1,000 miles from Mainland US Puerto Rico
95%
6,000 miles from Mainland US Guam
93%
6,500 miles from Mainland US American Samoa
83%
1,100 miles from Mainland US Virgin Islands
79%
6,200 miles from Mainland US Northern Mariana Islands
76%
Protection Agreement- 5.8/6.2 thousand miles away Micronesia
33%
Protection Agreement- 5.9-6.3 thousand miles away Palau
33%
Protection Agreement- 4.8-5.2 thousand miles away Marshall Islands
31%
No matching quizzes found
Score Distribution
Percent of People with Each Score
Percentile by Number Answered
Your Score History
You have not taken this quiz